Statistiques concernant 10 plus grands pays américains

Cliquez ici pour prendre le quiz!

Statistiques générales

  • Ce quiz a été pris 12 201 fois
  • Le résultat moyen est 9 sur 10

Statistiques - réponses

km2Pays% Correct
9 984 670Canada
100%
9 525 067Etats-Unis
100%
8 515 767Brésil
99%
2 780 400Argentine
98%
1 964 375Mexique
98%
756 102Chili
94%
1 285 216Pérou
92%
1 141 748Colombie
92%
1 098 581Bolivie
88%
916 445Venezuela
88%

Distribution des résultats

Percentile par nombre de réponses

% des personnes avec chaque résultat

Votre développement - résultats

Vous n’avez pas pris ce quiz